| 000 | 00892nam0a22002411 4500 | ||
|---|---|---|---|
| 001 | rc\3001800 | ||
| 005 | 20250530010453.0 | ||
| 035 | _a(NLR Aleph) 007144899 | ||
| 090 |
_a7092661 _c7092660 |
||
| 100 | _a20110920d1936 |||y0rusy50 ca | ||
| 101 | 0 | _arus | |
| 102 | _aRU | ||
| 105 | _ay z ||||| | ||
| 200 | 1 |
_aЗа литературу, достойную эпохи _eОчерки худож. прозы Азово-Черноморья _fАн. Линин |
|
| 210 |
_aРостов н/Д _cАзчериздат _d1936 _gтип. им. "Коминтерна" |
||
| 215 |
_aОбл., 146 с. _d22х15 см |
||
| 320 | _aБиблиогр.: "Библиография" в конце очерков | ||
| 700 | 1 |
_aЛинин _bА.М. _f1901-1938 _gАнатолий Михайлович |
|
| 801 | 0 |
_aRU _bNLR _gpsbo |
|
| 801 | 1 |
_aRU _bELAR _2rusmarc |
|
| 852 |
_aNLR _j36-3/1628 |
||
| 942 | _cBOOK | ||
| 980 | _aNB | ||